• 首页
  • 本馆介绍
  • 公告通知
  • 最新文献
  • 馆藏检索
  • 电子资源
  • 读者导购
  • 参考咨询
  • 我的图书馆
  • 登录
  • 详细信息显示
  • 放入我的书架
  • 预约/预借图书
  • 作者相关作品
  • 分类相关作品
  • 丛书相关作品
  • 出版社相关作品

书目信息

  • 表格格式
  • 工作单格式
  • 卡片格式
题名:
中国建筑概论
    
 
作者: 郭海萍 , 罗能 , 吉志伟 主编
分册:  
出版信息: 北京   中国水利水电出版社  2014
页数: 393页
开本: 26cm
丛书名:
单 册:
中图分类: TU-881.2
科图分类:
主题词: 建筑艺术--中国
电子资源:
ISBN: 978-7-5170-2189-6
000 00915nam0 2200253 450
001 012015000201
005 20150911083319.37
010    @a978-7-5170-2189-6@dCNY86.00
100    @a20150310d2014 em y0chiy50 ea
101 0  @achi
102    @aCN@b110000
105    @aa z 000yy
106    @ar
200 1  @a中国建筑概论@Azhong guo jian zhu gai lun@f郭海萍,罗能,吉志伟主编
210    @a北京@c中国水利水电出版社@d2014
215    @a393页@c图,照片@d26cm
330    @a本书以时间为线索介绍了中国古代建筑、近代建筑、现代建筑的发展情况,并对中国建筑的设计、材料和构造进行了阐述。全书语言简明扼要,逻辑清楚,并配有大量的图片,对理论内容进行了补充说明。
606 0  @a建筑艺术@y中国
690    @aTU-881.2@v5
701  0 @a郭海萍@Aguo hai ping@4主编
701  0 @a罗能@Aluo neng@f(1982-)@4主编
701  0 @a吉志伟@Aji zhi wei@f(1975-)@4主编
801  0 @aCN@b碧洲教育@c20150716
905    @a10447@f4@dTU-881.2@e112
    
    中国建筑概论/郭海萍,罗能,吉志伟主编.-北京:中国水利水电出版社,2014
    393页:图,照片;26cm
    
    
    ISBN 978-7-5170-2189-6:CNY86.00
    本书以时间为线索介绍了中国古代建筑、近代建筑、现代建筑的发展情况,并对中国建筑的设计、材料和构造进行了阐述。全书语言简明扼要,逻辑清楚,并配有大量的图片,对理论内容进行了补充说明。
●
相关链接 在E读中查询图书 在五车中查询图书 在当当中查询图书 在豆瓣中查询图书


正题名:中国建筑概论     索取号:TU-881.2/112         预约/预借

序号 登录号 条形码 馆藏地/架位号 状态 备注
1 0870277   208702778   第二样本阅览室/ [索取号:TU-881.2/112] 在馆    
2 0870278   208702787   第三借阅区/ [索取号:TU-881.2/112] 在馆    
3 0870279   208702796   第三借阅区/ [索取号:TU-881.2/112] 在馆    
4 0870280   208702803   第三借阅区/ [索取号:TU-881.2/112] 在馆    
唐山师范学院图书馆 欢迎您!
大连网信软件有限公司© 版权所有